000 00662cam a22002053a 4500
001 45050
003 PGUSA
005 20140828084029.0
008 140301s2014||||xxu|||||s|||||000 | eng d
040 _aPGUSA
_beng
042 _adc
100 1 _aShirley, James,
_d1596-1666
245 1 4 _aThe Lady of Pleasure :
_bA Comedie, As it was Acted by her Majesties Servants, at the private House in Drury Lane
_h[electronic resource] /
_cJames Shirley
260 _bProject Gutenberg,
_c2014
506 _aPublic domain in the USA.
516 _aElectronic text
830 0 _aProject Gutenberg
_v45050
856 4 0 _uhttp://www.gutenberg.org/ebooks/45050
942 _cEB
999 _c274301
_d274301